01609 2200361 4500035002000000001002100020005001700041006001900058007000300077008004100080856016600121020001900287040002700306082002100333084001900354100005000373245011000423250001500533264004200548336002400590337003300614338002600647520032600673650002700999650004101026650004201067700004101109850001301150990002101163990002101184990002101205990002101226 a0010-0122001139INLIS00000000089524520190718133301.0aa g b 000 0 ta190718s2015 yoia g b 000 0 ind  x http://opac.perpusnas.go.id/uploaded_files/sampul_koleksi/original/Monograf/1163652.JPG?rnd=2044285048y http://opac.perpusnas.go.id/DetailOpac.aspx?id=1163652  a 9786021351161 a JKPNPNA b ind e rda042 [23]a 610. 73  a 610. 73 FIT k0 a Fitri Respati Ambarwati, d 1969- e penulis00a Ketrampilan dasar praktik klinik / c oleh, Fitri Respati Ambarwati, SKM,M.Kes., Nita Nasution, S.Kep.Ns a Cetakan I 0a Yogyakarta : b Parama Ilmu, c 2015 2 rdacontenta teks  2 rdamediaa tanpa perantara  2 rdacarriera volume  a Buku ini merupakan media pembelajaran bagi mahasiswa Program Pendidikan Keperawatan dan Kebidanan disusun secara sistematis untuk mencapai kompetensi yang diharapkan sesuai tuntutan kurikulum. Buku ini membahas tentang homeostatis, cairan dan elektrolit tubuh, kebutuhan tubuh akan oksigen, fisionutrisi, eliminasi urine 4a Perawat dan perawatan 4a Perawat dan perawatan x Pendidikan 4a Kebidanan x Perawat dan keperawatan3 a Nasution, Nita, d 1986- e penulis a JKPNPNA a 201900103045920 a 201900103045921 a 201900103045919 a 201900103045918